Aid as imperialism (Record no. 14074)
[ view plain ]
| 000 -LEADER | |
|---|---|
| fixed length control field | 00350nam a22001457a 4500 |
| 082 ## - DEWEY DECIMAL CLASSIFICATION NUMBER | |
| Classification number | 330.91724HAY |
| 100 ## - MAIN ENTRY--PERSONAL NAME | |
| Personal name | Hayter, Teresa |
| 245 ## - TITLE STATEMENT | |
| Title | Aid as imperialism |
| 260 ## - PUBLICATION, DISTRIBUTION, ETC. | |
| Place of publication, distribution, etc. | England |
| Name of publisher, distributor, etc. | Penquin Books |
| Date of publication, distribution, etc. | 1971 |
| 300 ## - PHYSICAL DESCRIPTION | |
| Extent | 221p |
| Other physical details | 22cm |
| 500 ## - GENERAL NOTE | |
| General note | Include Appendix and Index |
| 650 ## - SUBJECT ADDED ENTRY--TOPICAL TERM | |
| Topical term or geographic name entry element | Aid as imperialism |
| 700 ## - ADDED ENTRY--PERSONAL NAME | |
| Personal name | Hayter, Teresa |
| 942 ## - ADDED ENTRY ELEMENTS (KOHA) | |
| Koha item type | Books |
| Withdrawn status | Lost status | Source of classification or shelving scheme | Damaged status | Not for loan | Home library | Current library | Shelving location | Date acquired | Full call number | Barcode | Date last seen | Price effective from | Koha item type |
|---|---|---|---|---|---|---|---|---|---|---|---|---|---|
| Dewey Decimal Classification | IFM Main Campus Library | IFM Main Campus Library | 11/16/2015 | 330.91724HAY | 0000009195 | 11/16/2015 | 11/16/2015 | Books |
